|
|
|
|
| LEADER |
00000nab a2200000 a 4500 |
| 001 |
vtls010427857 |
| 003 |
SK-MaSNL |
| 005 |
20260303093258.0 |
| 008 |
120605c20120529xo wr| 0 0slo |
| 038 |
|
|
|a RVGKPD
|
| 040 |
|
|
|a RVGKPD
|b slo
|c RVGKPD
|e AACR2
|
| 041 |
|
|
|a slo
|
| 044 |
|
|
|a xo
|c SK
|
| 080 |
|
|
|a 331.53
|2 1997
|
| 245 |
0 |
0 |
|a Novým riaditeľom úradu práce v Rožňave sa stal Mikuláš Gregor
|c [autor] (tin)
|
| 300 |
|
|
|b Fotogr.
|
| 610 |
2 |
7 |
|a Úrad práce, sociálnych vecí a rodiny (Rožňava, Slovensko)
|2 rvgkpd
|9 1032593
|
| 651 |
|
7 |
|a Rožňava (Slovensko)
|2 rvgkpd
|9 17394
|
| 773 |
0 |
|
|t Rožňavský korzár
|g Roč. I, č. 20 (29.5.2012), s. 2
|
| 852 |
|
|
|a RVGKPD
|b KIS3G
|
| 856 |
4 |
1 |
|u http://roznava.korzar.sme.sk/c/6394395/novym-riaditelom-uradu-prace-je-mikulas-gregor.html
|
| 992 |
|
|
|a RBX
|
| 999 |
|
|
|c 1814896
|d 1816826
|